MDQL
is popping MORE tags! Check the
thread
!
Quizzes
Events
Quiz Creation
Community
Videos
Private Events
Remove Ads
Sign In
Join for FREE
Feedback
Dark Mode
Quiz Categories
Sports
Geography
Music
Movies
Television
Just For Fun
Miscellaneous
History
Literature
Language
Science
Gaming
Entertainment
Religion
Holiday
For Kids
Quiz Lab
Recent
Popular Today
Quiz Kudos Today
Editor Picks
Curator Picks
Quizzes by...
Day
Popularity
Type
Ratings
Length
Year
Community
Subscriptions
Recent Discussions
Orange Saloon
Badges
Playlists
Quests
Create
Leaderboards
Showdown
Live 5
Trivia Bingo
Activity
Puzzle Library
Sporcle Events
Private Events
Virtual Trivia
Globe League
Become a Host
Pub Owners
SporcleCon
Opinionation
Our Games
Videos
Blog
Mobile Apps
Partnerships
Remove Ads and Go Orange
Feedback
Gaming
Video Games
Board Games
Card Games
Pokémon
Mario
Nintendo
Minecraft
Console
Toys
Legend of Zelda
Gaming
Video Games
Board Games
Card Games
Pokémon
Mario
Nintendo
Minecraft
Console
Toys
Legend of Zelda
Random Quiz
Search Sporcle
×
Quiz Lab
Quiz Lab
Gaming
Clip
Type in answers that appear in a list
Type in answers that appear in a list
Classic
Best Score? Go Orange.
Game Boy/Game Boy Color Themes Stats
Can you name the Game Boy/Game Boy Color video games from clips of music from their soundtracks?
By
s1rweeze
12m
50 Questions
182 Plays
182 Plays
182 Plays
Comments
Comments
Give Quiz Kudos
Give Quiz Kudos
-
- Ratings
hide this ad
More Info
Replay
Link that replays current quiz
Next Quiz
Link to next quiz in quiz playlist
You Got
0%
They Got
Avg Score
22%
Avg Friend Score
Upgrade to see
Score Distribution
Jump to the score distribution portion of the page
Score
0/50
Timer
12:00
0
Plays Today
Time
Game
% Correct
0:13-
0:20
Super Mario Land
83.5%
0:00-
0:06
Tetris
74.7%
1:35-
1:40
Pokémon Gold/Silver
69.2%
2:30-
2:36
The Legend of Zelda: Link's Awakening
69.2%
1:14-
1:21
Kirby's Dream Land
62.6%
1:54-
2:01
The Legend of Zelda: Oracle of Seasons/Oracle of Ages
54.4%
2:59-
3:07
Castlevania Legends
48.4%
0:40-
0:48
Street Fighter II
42.3%
2:20-
2:30
Metroid II: Return of Samus
42.3%
2:07-
2:13
Operation C
36.3%
0:06-
0:13
Pokémon Yellow
35.2%
2:51-
2:59
Wario Land 3
33%
0:20-
0:28
Shantae
32.4%
3:07-
3:13
Mega Man Xtreme
29.7%
0:28-
0:32
Harvest Moon GBC
26.4%
4:53-
5:00
Star Wars
26.4%
0:56-
1:02
Earthworm Jim
24.7%
5:14-
5:20
Kid Icarus: Of Myths and Monsters
24.2%
1:28-
1:35
Kid Dracula
22%
3:45-
3:53
Final Fantasy Legend II
21.4%
4:08-
4:16
Dragon Warrior Monsters
20.9%
4:39-
4:45
Gargoyle's Quest
20.3%
1:21-
1:28
Metal Gear Solid
17.6%
1:08-
1:14
Mario's Picross
17%
4:25-
4:32
Mario Golf
14.3%
Time
Game
% Correct
4:45-
4:53
Bionic Commando
13.2%
5:34-
5:41
Final Fantasy Legend III
13.2%
3:36-
3:45
Bomberman Quest
12.6%
5:51-
6:07
Donkey Kong Country
12.6%
0:48-
0:56
Qix
11%
2:36-
2:43
Rayman
11%
2:43-
2:51
Solar Striker
11%
3:29-
3:36
Trip World
8.8%
0:32-
0:40
Warlocked
7.7%
1:48-
1:54
Avenging Spirit
7.7%
2:01-
2:07
The Simpsons: Bart vs. The Juggernauts
7.7%
3:13-
3:20
Tony Hawk's Pro Skater 2
7.1%
3:20-
3:29
Survival Kids
7.1%
5:20-
5:27
Project S-11
7.1%
2:13-
2:20
Chikyuu Kaihou Gun ZAS
6.6%
1:02-
1:08
Aero Star
6.6%
5:00-
5:08
Baseball
6.6%
3:53-
4:01
Toy Story Racer
6%
4:01-
4:08
Dexter's Laboratory: Robot Rampage
5.5%
1:40-
1:48
Alice in Wonderland
4.9%
5:08-
5:14
Mr. Driller
4.9%
4:16-
4:25
Toki Tori
4.4%
4:32-
4:39
Mickey's Dangerous Chase
4.4%
5:27-
5:34
Magical Tetris Challenge
4.4%
5:41-
5:51
Rolan's Curse
3.8%
Quiz Playlist
Details
Report
Send in Message
Add To Playlist
More Info:
This is a quiz made in the same spirit as amaranth's video game music quizzes, only this is strictly music from GB/GBC games.
Classic:
Type in answers that appear in a list
Quiz Source
Last Updated: Feb 16, 2017
Quiz Scoreboard
CHALLENGE
Sign Up to Join the Scoreboard
Show All
Scores
Hide
Comments
May contain spoilers
Recently Published
Find the 'City' Movie
by crazypaving
Movies
60s
5x2 Blitz: Bands
by SL_Kpop136
Music
30s
Colored Red Africa Blitz
by spor1
Geography
30s
More to Explore
Quiz From the Vault
Featured Blog Post
14 Easter Pick-up Lines to Find Eggs With
hide this ad
You Might Also Like...
Tags
Board Games Quiz
Clip Quiz
Nintendo Quiz
Video Games Quiz
Audio Quiz
Gameboy
Nintendo Games
soundtrack
theme
Video
Today's Top Quizzes in Gaming
Browse Gaming
hide this ad
Today's Top Quizzes in Clip
Browse Clip
Top Contributed Quizzes in Gaming
1
League of Legends Pro Players by Career/Team History
2
Genshin murder mystery
3
Destiny 2 exotic weapons by perk icons
4
Dead By Daylight Logic Puzzle
5
Genshin Impact Logic Puzzle
6
Valorant Agent Developer Names (Up to Clove)
7
Overwatch 2: Ultimate Ability Icons
8
Who's on the WWE 2K24 Cover?
9
Genshin Impact Logic Puzzle Quiz II
10
4x4 Decades: Video Games
Explore More
Trending Topics
Anime
NBA
Crossword
Marvel
Kpop
Disney
Harry Potter
NFL
Soccer
The Office
Country
WWE
Puzzle
Song
Pokémon
hide this ad
More By:
s1rweeze
Quiz
Plays
Rating
Category
Featured
Created
Pro Wrestling Illustrated Top 50 of 1991
7,435
4.18
Sports
Oct 20, 2009
WWE Wrestlemania Money in the Bank Participants
4,208
4.20
Sports
Mar 17, 2010
IGN's Top 100 Super Nintendo Games
1,682
3.75
Gaming
Jul 27, 2012
Super Nintendo Ending Screens
1,551
4.69
Gaming
Oct 7, 2013
Top 100 N64 Games
1,237
3.33
Gaming
Dec 30, 2010
Go to Creator's Profile
Score Distribution
Quiz Creator Spotlight
s1rweeze
Follow
Send a Message
Quizzes Created
-
Created Quiz Play Count
-
More By This Creator
Popular Quizzes Today
1
Colored Red Africa Blitz
2
Find the 'City' Movie
3
Find the US States - No Outlines Minefield
4
5x2 Blitz: Bands
5
The Countries of the World
6
Find the US States
7
US States
8
Find the Countries of Europe - No Outlines Minefield
More Gaming Quizzes
Gaming Typing Challenge
Editor's Pick
Trending Quizzes
Colored Red Europe Blitz I
Colored Red Africa Blitz II
Colored Red Europe Blitz II
Colored Red Europe Blitz III
Colored Red Africa Blitz III
Recently Updated
How Do You Spell That?
pecheneg
Godzilla Movies
pecheneg
Grab Bag: 4-10 Letters
pecheneg
2024 March Madness Bracket
pecheneg
Famous TV Couples
Peacemaker
Champions League XIs: Real Madrid
pecheneg
Largest US Cities 1790-2010
pecheneg
Rides in Walt Disney World
pecheneg
Most Oscar Losses (Acting)
pecheneg
Beyoncé Albums
pecheneg
Trending Topics
Kpop
Crossword
Disney
NBA
Anime
Harry Potter
Marvel
Song
Puzzle
WWE
Pokémon
NFL
Country
Soccer
The Office
Your Account Isn't Verified!
In order to create a playlist on Sporcle, you need to verify the email address you used during registration. Go to your
Sporcle Settings
to finish the process.
Report this User
Report this user for behavior that violates our
Community Guidelines
.
Details:
Send Report
Go to the Sporcle.com Mobile Site →
Comments